00600 2200217 4500001002100000005001500021035002000036007000300056008004100059020002200100082001100122084001700133100001900150245006500169250001000234260003800244300002500282650005300307990001100360990001100371INLIS00000000000119620180109105852 a0010-0118000014ta180109 g 0 ind  a978-602-313-031-3 a610.03 a610.03 TAU k0 aTaufiqurracman1 aKamus Kedokteran Nuria :bIndonesia - Arab, Arab - Indonesia aCet.1 aYogyakarta :bArRuzz Media,c2015 a480hlm ;c15 x 23 cm aKedokteran, Kamus Indonesia Arab Arab Indonesia a5653 a a5653 b